Les Édouard célèbres - Statistiques

Statistiques générales
  • Ce quiz a été pris 147 fois
  • Le résultat moyen est 4 sur 12
Statistiques - réponses
Par images Réponse % Correct
Édouard Philippe
96%
Édouard Baer
78%
Édouard Balladur
78%
Édouard Mendy
54%
Édouard VIII
21%
Édouard IV
20%
Édouard Montoute
15%
Édouard Leclerc
12%
Édouard Herriot
11%
Édouard Daladier
10%
Édouard Manet
10%
Édouard Molinaro
3%
Aucun quiz correspondant
Distribution des résultats
% des personnes avec chaque résultat
Percentile par nombre de réponses
Votre historique - résultats
Vous n’avez pas pris ce quiz